000 00662nam a2200217 a 4500
001 BRCA_6049
005 20190321142933.0
008 180511s1937----gw-a######---#000-0#ger-#
041 _ager
044 _agw
050 4 _b.S26 1937
245 1 0 _aDie Sammlung Frau Emma Budge, Hamburg
_bVersteigerung am 27., 28. und 29. September 1937.
260 _aAlemania
_bPaul Graupe
_c1937
300 _a190 p.
_bil., 152 láminas
_c31 cm.
500 _aCatálogo de subasta inventariado por Banco de México como libro
500 _aCA8
600 1 4 _aBudge, Emma
_xColecciones privadas
_915261
650 1 4 _aArte
_vCatálogos
_94925
902 _aGFM
942 _2lcc
_cB
999 _c5736
_d5736